The Heterogenity of European Bank Lending and the Role of Economic Policy Uncertainty
Príspevok skúma vzťah medzi úverovou aktivitou bánk a hospodársko-politickou neistotou za použitia údajov od 7844 bánk z Európskej únie (28) v období rokov 1998-2018.
Gespeichert in:
| 1. Verfasser: | |
|---|---|
| Weitere Verfasser: | |
| Format: | Buchkapitel |
| Sprache: | Englisch |
| Schlagworte: | |
| Tags: |
Keine Tags, Fügen Sie das erste Tag hinzu!
|
MARC
| LEADER | 00000naa a2200000 4500 | ||
|---|---|---|---|
| 001 | 0296395 | ||
| 005 | 20230926113905.5 | ||
| 041 | 0 | |a eng | |
| 044 | |a SK | ||
| 245 | 1 | 0 | |a The Heterogenity of European Bank Lending and the Role of Economic Policy Uncertainty |c Daniel Pastorek, Dajana Mazůrková |
| 520 | |a Príspevok skúma vzťah medzi úverovou aktivitou bánk a hospodársko-politickou neistotou za použitia údajov od 7844 bánk z Európskej únie (28) v období rokov 1998-2018. | ||
| 610 | 2 | 0 | |a politika hospodárska |
| 610 | 2 | 0 | |a banky |
| 610 | 2 | 0 | |a inštitúcie finančné |
| 610 | 2 | 0 | |a indexy |
| 610 | 2 | 0 | |a úver bankový |
| 610 | 2 | 0 | |a Európska únia |
| 100 | 1 | |a Pastorek, Daniel | |
| 700 | 1 | |a Mazůrková, Dajana | |